MARC

LEADER 00000nam0a2200000 4500
001 139216
005 20231031141652.0
020 |a RU  |b 82-35560 
035 |a (RuTPU)RU\TPU\book\150823 
090 |a 139216 
100 |a 20080604d1982 m y0rusy5003 ca 
101 0 |a rus 
102 |a RU 
105 |a c z 000ay 
200 1 |a Комиссия  |e Роман  |f С. П. Залыгин 
210 |a Москва  |c Современник  |d 1982 
215 |a 432 с.  |c 1 л. портр.  |d 22 см. 
225 1 |a Библиотека российского романа 
610 1 |a Сибирь 
610 1 |a романы 
610 1 |a крестьянство 
675 |a Р2  |z rus 
700 1 |a Залыгин  |b С. П.  |c русский писатель  |f 1913-  |g Сергей Павлович  |2 stltpush  |3 (RuTPU)RU\TPU\pers\8216 
801 0 |a RU  |b RuMRKP  |c 19950704  |g psbo 
801 1 |a RU  |b 63413507  |c 20080604  |g PSBO 
801 2 |a RU  |b 63413507  |c 20140208  |g PSBO 
942 |c BK